True or False? - Statistics

General Stats
  • This quiz has been taken 24 times
  • The average score is 3 of 5
Answer Stats
Question Answer % Correct
True or false: the movie Grease features the song Stayin' Alive by Bee Gees False
100%
True or False: in Labyrinth David Bowie plays Jareth True
75%
True or False: Rock 'n' Roll High School features the band The Beatles False
50%
True or False: The line "Luke I am your father" originates from Tommy Boy True
25%
True or False: in The Wizard of Oz the Scarecrow can be seen holding a gun True
25%
No matching quizzes found
Score Distribution
Percent of People with Each Score
Percentile by Number Answered
Your Score History
You have not taken this quiz